Encountering the new testament/ (Record no. 19440)
[ view plain ]
| 000 -LEADER | |
|---|---|
| fixed length control field | 00446nam a22001457a 4500 |
| 008 - FIXED-LENGTH DATA ELEMENTS--GENERAL INFORMATION | |
| fixed length control field | 220822b |||||||| |||| 00| 0 eng d |
| 020 ## - INTERNATIONAL STANDARD BOOK NUMBER | |
| International Standard Book Number | 0801039645 |
| 050 ## - LIBRARY OF CONGRESS CALL NUMBER | |
| Classification number | BS2330.3 |
| Item number | .E59 2012 C.1 |
| 100 ## - MAIN ENTRY--PERSONAL NAME | |
| Personal name | Elwell,Walter A. |
| 245 ## - TITLE STATEMENT | |
| Title | Encountering the new testament/ |
| Remainder of title | A historical and theological survey |
| Statement of responsibility, etc. | Walter A. Elwell |
| 300 ## - PHYSICAL DESCRIPTION | |
| Extent | xvi,430p. |
| Other physical details | ill. |
| 650 ## - SUBJECT ADDED ENTRY--TOPICAL TERM | |
| Topical term or geographic name as entry element | Bible. N.T. |
| Form subdivision | Introduction |
| 700 ## - ADDED ENTRY--PERSONAL NAME | |
| Personal name | Yarbrough, Robert W. |
| 942 ## - ADDED ENTRY ELEMENTS (KOHA) | |
| Source of classification or shelving scheme | Library of Congress Classification |
| Koha item type | General Collection |
| Withdrawn status | Lost status | Source of classification or shelving scheme | Not for loan | Home library | Current library | Date acquired | Total Checkouts | Full call number | Barcode | Date last seen | Date last checked out | Copy number | Price effective from | Koha item type |
|---|---|---|---|---|---|---|---|---|---|---|---|---|---|---|
| Library of Congress Classification | Kabarak, Main Campus | Kabarak, Main Campus | 22/08/2022 | 1 | BS2330.3 .E59 2013 C.1 | 032021 | 13/03/2025 | 22/02/2025 | C.1 | 22/08/2022 | General Collection |